Tribhuvan University Central Library

Evolutionary trends in flowering plants (Record no. 45174)

MARC details
000 -LEADER
fixed length control field 006080000a22002410004500
082 ## - DEWEY DECIMAL CLASSIFICATION NUMBER
Classification number 582.130438
Item number T139e
020 ## - INTERNATIONAL STANDARD BOOK NUMBER
International Standard Book Number 0-231-07328-3
041 ## - LANGUAGE CODE
Language code of text/sound track or separate title Eng
005 - DATE AND TIME OF LATEST TRANSACTION
control field 20120907085333.0
100 ## - MAIN ENTRY--PERSONAL NAME
Personal name Takhtajan, Armen
245 ## - TITLE STATEMENT
Title Evolutionary trends in flowering plants
260 ## - PUBLICATION, DISTRIBUTION, ETC. (IMPRINT)
Place of publication, distribution, etc Dehra Dun
Name of publisher, distributor, etc Bishen Singh Mahendra Pal Singh, India
260 ## - PUBLICATION, DISTRIBUTION, ETC. (IMPRINT)
Date of publication, distribution, etc 2002
300 ## - PHYSICAL DESCRIPTION
Extent x, 241p.
Other physical details illus.
518 ## - DATE/TIME AND PLACE OF AN EVENT NOTE
Date/time and place of an event note 2008-07-30
530 ## - ADDITIONAL PHYSICAL FORM AVAILABLE NOTE
Additional physical form available note M
500 ## - GENERAL NOTE
General note Bibliography at the end of each chapter
650 ## - SUBJECT ADDED ENTRY--TOPICAL TERM
Topical term or geographic name as entry element Plants
650 ## - SUBJECT ADDED ENTRY--TOPICAL TERM
Topical term or geographic name as entry element Flowering plants
650 ## - SUBJECT ADDED ENTRY--TOPICAL TERM
Topical term or geographic name as entry element Angiosperms
650 ## - SUBJECT ADDED ENTRY--TOPICAL TERM
Topical term or geographic name as entry element Evolution
942 ## - ADDED ENTRY ELEMENTS (KOHA)
Koha item type General Collections
Holdings
Withdrawn status Lost status Source of classification or shelving scheme Damaged status Not for loan Home library Current library Shelving location Date acquired Total Checkouts Total Renewals Full call number Barcode Date last seen Date checked out Price effective from Koha item type
    Dewey Decimal Classification     Tribhuvan University Central Library Tribhuvan University Central Library New Building 06/20/2010 14 15 582.130438 T139e 132736 07/10/2025 06/15/2025 06/20/2010 General Collections